000
00292nam a2200121Ia 4500
008
201224s9999 xx 000 0 und d
100
_a
Mohring, Herbert (Ed.)
245
0
_a
Economics of Transport
260
_a
Aldershot
_b
Edward Elgaqr
300
_a
471
490
_v
Vol.II.
942
_c
BK
999
_c
9030
_d
9030